Survey of India's social life and economic condition in the eighteenth century (1707-1813) (Record no. 52853)

MARC details
000 -LEADER
fixed length control field 00750cam a22002531 4500
001 - CONTROL NUMBER
control field sa 62000222
003 - CONTROL NUMBER IDENTIFIER
control field DLC
005 - DATE AND TIME OF LATEST TRANSACTION
control field 20260227111913.0
008 - FIXED-LENGTH DATA ELEMENTS--GENERAL INFORMATION
fixed length control field 720308s1961 ii b 000 0 eng
010 ## - LIBRARY OF CONGRESS CONTROL NUMBER
LC control number sa 62000222
025 ## - OVERSEAS ACQUISITION NUMBER
Overseas acquisition number PL480:I-E-24
035 ## - SYSTEM CONTROL NUMBER
System control number (OCoLC)258890
040 ## - CATALOGING SOURCE
Original cataloging agency DLC
Transcribing agency ODaWU
Modifying agency OCoLC
-- MH
-- DLC
042 ## - AUTHENTICATION CODE
Authentication code premarc
050 00 - LIBRARY OF CONGRESS CALL NUMBER
Classification number HN683
Item number .D3
100 1# - MAIN ENTRY--PERSONAL NAME
Personal name Datta, Kalikinkar,
Dates associated with a name 1905-
245 10 - TITLE STATEMENT
Title Survey of India's social life and economic condition in the eighteenth century (1707-1813)
250 ## - EDITION STATEMENT
Edition statement [1st ed.]
260 ## - PUBLICATION, DISTRIBUTION, ETC.
Place of publication, distribution, etc. Calcutta,
Name of publisher, distributor, etc. Firma K.L. Mukhopadhyay,
Date of publication, distribution, etc. 1961.
300 ## - PHYSICAL DESCRIPTION
Extent 258 p.
Dimensions 22 cm.
504 ## - BIBLIOGRAPHY, ETC. NOTE
Bibliography, etc. note Includes bibliography.
651 #0 - SUBJECT ADDED ENTRY--GEOGRAPHIC NAME
Geographic name India
General subdivision Social conditions.
651 #0 - SUBJECT ADDED ENTRY--GEOGRAPHIC NAME
Geographic name India
General subdivision Economic conditions.

No items available.

Powered by Koha